Регионална библиотека "Любен Каравелов" - Русе

В квартала (Запис номер 102870)

MARC детайли
000 -Лидер
Контролно поле с фиксирана дължина 01288nam a2200373 c 4500
003 - Код на организацията, давaща контролен номер
Контролно поле BLK
005 - Дата и час на последна редакция
Контролно поле 20250305135444.0
008 - Елементи от данни с фиксирана дължина
fixed length control field 180409b bul|||||r ||||||| ||bul||
010 ## - Наследен системен номер
LC control number KNG00107941000
020 ## - Международен стандартен номер на книга ISBN
Международен стандартен номер на книга ISBN 978-954-9970-15-9
-- издат.: Аделфи
040 ## - Източник на каталожния запис
Идентификатор на билиотеката - собственик на записа BLK
041 ## - Код за език
Код за езика на текст/звукозапис или на отделно заглавие Български
Код за езика КДБФ Български
072 #7 - Код за тематичната категория
Код организация bullib
Код за тематична категория Н86
Текст Детска отраслова литература Н
080 ## - УДК
Текстов определител УДК Основи на четенето. Методи на обучение в четенето
УДК код - определител по УДК 372.41
УДК определител
УДК - код + определител 372.41
139 ## - Редно поле
Редна дума В квартала
Авторски знак В - В 11
245 10 - Сведения за заглавието
Заглавие В квартала
257 ## - Страна на издаване
Страна на създаване/издаване Индия
260 ## - Област на издателските данни
-- София
Име на издателя, разпространителя и проч. Аделфи
Година на издаване 2008
300 ## - Физическа характеристика
Страници 20 с.
Илюстрации и др. с цв. ил.
Размери/Мащаб 28 см
380 ## - Жанр
Жанр Детска отраслова лит.
490 1# - СЕРИИ (Колекции)
Име на серия Весела читанка + Картинен речник
500 ## - Общи забележки
Забележка Без сведение за ориг. загл. ; Кор. загл.
650 #4 - Допълнително описание по предмет – тема
Основно описание – тема или топоним Четене
9 (RLIN) 177539
653 ## - Ключова дума – ненормативна
Ключова дума читанки
653 ## - Ключова дума – ненормативна
Ключова дума литература за деца
653 ## - Ключова дума – ненормативна
Ключова дума детска литература
659 ## - Тематичен бюлетин
Тематичен бюлетин Н
852 ## - Местоположение
Форматна сигнатура Цб ІІ 17240
856 4# - Електронен адрес и достъп
Електронен формат pdf - файл
Път до файла /url/
856 4# - Електронен адрес и достъп
Електронен формат pdf - файл
Път до файла /url/
942 ## - АРТИКУЛИ
Вид на библиотечния материал Книги
Скрит в OPAC Не
Koha issues (borrowed), all copies 4
944 ## - СЪЗДАВАНЕ И РЕДАКЦИЯ на ЗАПИСА
Създаване/Редакция Създаване
Дата на регистрацията/редакция 18.05.2012
Статус, дата на статуса Грета Цуфелде
Служител, извършил регистрацията/редакцията 30537
944 ## - СЪЗДАВАНЕ И РЕДАКЦИЯ на ЗАПИСА
Създаване/Редакция Редакция
Дата на регистрацията/редакция 16.07.2013
Статус, дата на статуса ф /
Служител, извършил регистрацията/редакцията
999 ## - СИСТЕМНИ КОНТРОЛНИ НОМЕРА
Koha biblionumber 102870
Koha biblioitemnumber 102870
Наличности
Код за отписване Код за изгубен артикул Източник на класификационната схема Код за повреда Коз за рестрикции Код за отдаване Артикулен № Име на библиотеката - собственик Име на библиотеката, в която се намира в момента Статус (Текущо местоположение) Дата на вписване в системата Местоположение - отдел Цена в лева Инвентарен номер Систематично азбучна сигнатура Баркод Номер на екземпляра Цена в евро Служебна бележка Служебен тип на артикула
  Не е изгубен Universal Decimal Classification Не е повреден без рестрикции заемане за дома 166097 Регионална библиотека "Любен Каравелов" Русе Регионална библиотека "Любен Каравелов" Русе Детски отдел 2012-05-18 Детски отдел 1.35 120000757521 ДН 373.3.016:028/В 11 120000757521 1 0.69 Дост: DA Вид: А N: 7 Дата: 16.05.2012 Дата инв: 21.08.2015 Бележки инв: Д2015 Книги
Vip Innovations Ltd, Rousse, Bulgaria 2025